000 00830cam a2200253 a 4500
005 20031230185550.0
008 940308s1993 enkab b 001 0 eng
010 _aENG-101711
020 _c295.00
_a9788190852692
035 _aEN-85244
037 _bDBAD/PUB
040 _adpl
_bEng
082 _a883.08
100 1 _922405
_aDasgupta, Arijeet
245 1 0 _aColonial discourse in African English novel /
_cby Arijeet Dasgupta
260 _aPatna
_bAMS Publication
_c2010
270 _aKankarbag
_bPatna
_e800020
300 1 _a268p.
_c22cm (pbk)
650 0 _922448
651 _922481
700 _923269
942 _2ddc
_cEN
_mGUP
_h883.08
999 _c48340
_d48340